[Event "Tradewise Gibraltar ChallWk2"]
[Site "Gibraltar"]
[Date "2018.01.29"]
[Round "3.4"]
[White "Elishev, Ivan"]
[Black "Pavlov, Egor"]
[Result "1-0"]
[WhiteElo "2087"]
[BlackElo "2165"]
[PlyCount "251"]
[EventDate "2018.01.27"]
[EventType "swiss"]
[EventRounds "5"]
[EventCountry "GGB"]

1. d4 Nf6 2. Bg5 Ne4 3. Bh4 g5 4. f3 gxh4 5. fxe4 c5 6. e3 Bh6 7. Kf2 O-O 8.
Nf3 cxd4 9. exd4 e6 10. Nbd2 Nc6 11. c3 d5 12. Bd3 f5 13. exd5 exd5 14. Re1 Kh8
15. Qe2 Bd7 16. Ne5 h3 17. Ndf3 hxg2 18. Rg1 Bg7 19. Rxg2 Nxe5 20. Nxe5 Qh4+
21. Kg1 Rae8 22. Re1 f4 23. Qf2 Qxf2+ 24. Kxf2 Be6 25. Nf3 Bf6 26. Bc2 Rg8 27.
Bb3 Rxg2+ 28. Kxg2 Re7 29. Kf2 Kg7 30. Rg1+ Kf8 31. Ng5 Bg8 32. Rg4 Rg7 33.
Rxf4 Ke7 34. Nf3 Be6 35. h4 h5 36. a4 a5 37. Ba2 Rg8 38. Bb1 Bh3 39. Bf5 Rg2+
40. Ke3 Bg4 41. Bxg4 hxg4 42. Ng5 Rxb2 43. Rxg4 Ra2 44. Nh7 Rxa4 45. Rf4 Bg7
46. Ng5 Bf6 47. Rf5 Ra1 48. Rxd5 Rh1 49. Rxa5 Rxh4 50. Ne4 Rh3+ 51. Kf4 Rh4+
52. Kf3 Rh3+ 53. Ke2 Bg7 54. Rb5 Bh6 55. Rxb7+ Ke6 56. Nc5+ Kd5 57. Rh7 Rxc3
58. Rd7+ Kc4 59. Nb7 Rc2+ 60. Kf3 Rd2 61. Ke4 Re2+ 62. Kf5 Rd2 63. Nd6+ Kb4 64.
Ke4 Bf8 65. Nf5 Kb5 66. Rd8 Ba3 67. Ra8 Bb4 68. Rb8+ Ka4 69. Ne3 Bc3 70. d5
Rd4+ 71. Kf3 Bd2 72. Rd8 Kb5 73. Nc2 Rf4+ 74. Ke2 Bc1 75. Kd1 Rf1+ 76. Ke2 Rh1
77. Nd4+ Kb6 78. Kf3 Rd1 79. Ne6 Ba3 80. Ke4 Kb7 81. Rd7+ Kb6 82. Rd8 Re1+ 83.
Kf5 Rf1+ 84. Ke5 Re1+ 85. Kf6 Rf1+ 86. Kg6 Kb7 87. Rd7+ Kb6 88. Nd4 Bc5 89. Nf5
Rd1 90. Kf6 Ba3 91. Ke6 Re1+ 92. Kf6 Rd1 93. Ke5 Bb2+ 94. Ke6 Re1+ 95. Kf7 Ba3
96. Rd8 Rf1 97. Kf6 Bb2+ 98. Ke6 Re1+ 99. Kd7 Kc5 100. d6 Be5 101. Re8 Kd5 102.
Ne7+ Kc5 103. Ng6 Bg3 104. Rxe1 Bxe1 105. Ke7 Bg3 106. d7 Bc7 107. Nf8 Ba5 108.
Ne6+ Kc6 109. Nd4+ Kb7 110. Nb5 Bb6 111. Nd6+ Kc6 112. Nc4 Bc7 113. Ke8 Kb7
114. Ke7 Kc6 115. Ke6 Kb7 116. Kd5 Bd8 117. Kd6 Bc7+ 118. Kd5 Bd8 119. Nd6+ Kc7
120. Ke6 Kc6 121. Nc4 Kc7 122. Ne5 Kb7 123. Kd6 Bc7+ 124. Ke7 Bb6 125. Nf7 Bc7
126. Nd6+ {Bb6 (possibly illegal move playing, losing the game?!)} 1-0

[Event "Tradewise Gibraltar ChallWk2"]
[Site "Gibraltar"]
[Date "2018.01.29"]
[Round "3.5"]
[White "Janiszewski, Maciej"]
[Black "Villar Reymundo, Juan Antonio"]
[Result "0-1"]
[WhiteElo "2029"]
[BlackElo "2121"]
[PlyCount "106"]
[EventDate "2018.01.27"]
[EventType "swiss"]
[EventRounds "5"]
[EventCountry "GGB"]

1. e4 c5 2. c3 d5 3. exd5 Qxd5 4. d4 Nf6 5. Nf3 e6 6. Be3 cxd4 7. cxd4 Nc6 8.
Nc3 Qd6 9. g3 Be7 10. Nb5 Qd8 11. a3 Nd5 12. Rc1 O-O 13. Qd2 Bd7 14. Nc3 Nb6
15. Bd3 Na5 16. Bb1 Bc6 17. Qd3 g6 18. Ke2 Nac4 19. Qc2 Nd5 20. Rhd1 Rc8 21.
Bh6 Re8 22. Rd3 Nd6 23. Qd2 Nf6 24. Ke1 Nc4 25. Qe2 Qa5 26. Ne5 Be4 27. b4 Bxd3
28. Bxd3 Qxa3 29. Nxc4 Qxb4 30. Kf1 b5 31. Na2 Qb3 32. Ne5 a6 33. Nc6 Ba3 34.
Rc3 Qd5 35. f3 Bd6 36. Nab4 Qh5 37. Bf4 Bxb4 38. g4 Qd5 39. Be4 Nxe4 40. fxe4
Qd7 41. Ne5 Qxd4 42. Rd3 Qa1+ 43. Rd1 Qa3 44. Nf3 Rcd8 45. Rb1 Bc5 46. Ng5 Qd3
47. Ra1 Qd4 48. Qe1 Qg1+ 49. Ke2 Qxg4+ 50. Nf3 Qxf4 51. Rxa6 b4 52. Qb1 Qg4 53.
Qf1 Qxe4# 0-1

[Event "Tradewise Gibraltar ChallWk2"]
[Site "Gibraltar"]
[Date "2018.01.29"]
[Round "3.6"]
[White "Galvan, Jesus"]
[Black "Lung, Liviu-Catalin"]
[Result "1-0"]
[WhiteElo "2223"]
[BlackElo "2085"]
[PlyCount "113"]
[EventDate "2018.01.27"]
[EventType "swiss"]
[EventRounds "5"]
[EventCountry "GGB"]

1. b3 Nf6 2. Bb2 d6 3. Bxf6 exf6 4. g3 g6 5. c4 Bg7 6. Nc3 f5 7. e3 O-O 8. Nge2
Bd7 9. d4 c5 10. Bg2 Bc6 11. Nd5 Nd7 12. O-O Nf6 13. Nxf6+ Qxf6 14. Bxc6 bxc6
15. Rb1 cxd4 16. Nxd4 Rfc8 17. Qf3 Qe7 18. Rfd1 Qe4 19. Rbc1 Rab8 20. Qxe4 fxe4
21. Ne2 Be5 22. Nc3 f5 23. Na4 Rb4 24. Kf1 Kf7 25. h4 h5 26. Ke2 Ke6 27. Kd2
Rcb8 28. Rb1 Rd8 29. a3 Rbb8 30. b4 d5 31. Nc5+ Ke7 32. cxd5 Rxd5+ 33. Kc2 Rxd1
34. Rxd1 a5 35. Kb3 Bd6 36. Kc4 axb4 37. axb4 Ra8 38. Nb7 Bc7 39. Na5 Bxa5 40.
Ra1 Kd6 41. Rxa5 Rb8 42. Ra7 Rg8 43. Rh7 Ke6 44. Rc7 Kd6 45. Ra7 Ke6 46. Ra6
Kd7 47. Kc5 Rb8 48. Ra7+ Ke6 49. Rg7 Kf6 50. Rc7 Ra8 51. Rxc6+ Ke5 52. b5 Ra2
53. Kb6 Rxf2 54. Kc7 Rf3 55. b6 Rxe3 56. b7 Rb3 57. Rb6 1-0

[Event "Tradewise Gibraltar ChallWk2"]
[Site "Gibraltar"]
[Date "2018.01.29"]
[Round "3.7"]
[White "Sousa, Ludy Helsio Paulo"]
[Black "Kvisla, Johannes Luangtep"]
[Result "1-0"]
[WhiteElo "2153"]
[BlackElo "2234"]
[PlyCount "57"]
[EventDate "2018.01.27"]
[EventType "swiss"]
[EventRounds "5"]
[EventCountry "GGB"]

1. e4 e5 2. Nf3 Nc6 3. Bb5 a6 4. Ba4 Nf6 5. O-O Be7 6. Re1 b5 7. Bb3 O-O 8. h3
Bb7 9. c3 d5 10. exd5 Nxd5 11. d4 exd4 12. Nxd4 Nxd4 13. Qxd4 c5 14. Qe4 Re8
15. c4 Bd6 16. Qxe8+ Qxe8 17. Rxe8+ Rxe8 18. Kf1 Nb4 19. Na3 Be4 20. Be3 Bd3+
21. Kg1 Be5 22. Rd1 Bxb2 23. Bxc5 Be2 24. Rd7 Bxa3 25. cxb5 Bh5 26. bxa6 Nxa6
27. Bxa3 h6 28. g4 Nb8 29. Rd6 1-0

[Event "Tradewise Gibraltar ChallWk2"]
[Site "Gibraltar"]
[Date "2018.01.29"]
[Round "3.8"]
[White "Gueler, Sebastian"]
[Black "Richards, Heather S"]
[Result "0-1"]
[WhiteElo "2120"]
[BlackElo "2223"]
[PlyCount "120"]
[EventDate "2018.01.27"]
[EventType "swiss"]
[EventRounds "5"]
[EventCountry "GGB"]

1. Nf3 d6 2. d4 Nf6 3. c4 g6 4. b3 Bg7 5. Bb2 c6 6. g3 O-O 7. Bg2 d5 8. O-O Bf5
9. Nc3 Ne4 10. e3 Na6 11. Rc1 Rb8 12. Qe2 Nxc3 13. Bxc3 Be4 14. Rfd1 Nc7 15.
Bf1 Bf5 16. Nh4 Be6 17. a4 Qd7 18. f3 dxc4 19. bxc4 Bh3 20. Ng2 c5 21. Qc2 Bh6
22. f4 cxd4 23. exd4 Ne6 24. Qb3 Rfd8 25. Qb4 b6 26. Ne3 Bxf1 27. Kxf1 Qb7 28.
Nd5 Rxd5 29. cxd5 Qxd5 30. Qb2 Qh1+ 31. Kf2 Qxh2+ 32. Kf3 Qh5+ 33. Kf2 Qh2+ 34.
Kf3 Qh5+ 35. Kg2 Qd5+ 36. Kg1 g5 37. Qb5 Qf3 38. Rd3 Qe4 39. Re1 Qb7 40. f5 Nc7
41. Qd7 Nd5 42. Qxb7 Rxb7 43. Bd2 Rd7 44. Rc1 Rd8 45. Rc6 Bg7 46. Rc1 h6 47.
Kf2 Nf6 48. Be3 Ng4+ 49. Kf3 Ne5+ 50. dxe5 Rxd3 51. Rc8+ Kh7 52. Ke4 Ra3 53.
Rc7 Rxa4+ 54. Bd4 e6 55. f6 Bf8 56. Rxf7+ Kg8 57. Rc7 Bc5 58. Rc8+ Kf7 59. Rc7+
Ke8 60. f7+ Kf8 0-1

[Event "Tradewise Gibraltar ChallWk2"]
[Site "Gibraltar"]
[Date "2018.01.29"]
[Round "3.9"]
[White "Bottema, Martin"]
[Black "Van Zyl-Rudd, Jack"]
[Result "1-0"]
[WhiteElo "2114"]
[BlackElo "2197"]
[PlyCount "37"]
[EventDate "2018.01.27"]
[EventType "swiss"]
[EventRounds "5"]
[EventCountry "GGB"]

1. d4 Nf6 2. c4 e6 3. Nc3 d5 4. cxd5 exd5 5. Bg5 Be7 6. e3 c6 7. Bd3 O-O 8. Qc2
Nbd7 9. Nf3 h6 10. Bh4 Re8 11. O-O Ne4 12. Bxe7 Qxe7 13. Rae1 Nf8 14. Nd2 Bf5
15. Ndxe4 dxe4 16. Bc4 Bg6 17. a3 Nd7 18. f4 exf3 19. Qxg6 1-0

[Event "Tradewise Gibraltar ChallWk2"]
[Site "Gibraltar"]
[Date "2018.01.29"]
[Round "3.10"]
[White "Havik, Victor"]
[Black "Ernst, Michael"]
[Result "1/2-1/2"]
[WhiteElo "2063"]
[BlackElo "2176"]
[PlyCount "163"]
[EventDate "2018.01.27"]
[EventType "swiss"]
[EventRounds "5"]
[EventCountry "GGB"]

1. d4 Nf6 2. c4 e6 3. Nc3 d5 4. Nf3 c5 5. cxd5 Nxd5 6. e4 Nxc3 7. bxc3 cxd4 8.
cxd4 Bb4+ 9. Bd2 Bxd2+ 10. Qxd2 O-O 11. Bc4 Nd7 12. O-O b6 13. Rad1 Bb7 14.
Rfe1 Rc8 15. Bb3 Qf6 16. Qe3 Rfd8 17. d5 Nc5 18. Nd4 Nxb3 19. axb3 exd5 20. e5
Qg6 21. f4 h6 22. Qh3 Rc7 23. Re3 Bc8 24. Qh4 Re8 25. Rg3 Qh7 26. Qh5 a6 27. h3
Kh8 28. Re1 Rg8 29. Qf3 Bf5 30. Qxd5 Rd7 31. Qc4 b5 32. Qb4 Rgd8 33. e6 fxe6
34. Nc6 Rc8 35. Ne5 Rdc7 36. Kh2 Qg8 37. Ra1 Ra8 38. Qd6 Qc8 39. b4 Rc3 40. Ra3
Rxa3 41. Rxa3 Qc1 42. Rg3 Rg8 43. Nc6 Qb2 44. Ne5 Kh7 45. Nc6 Qf6 46. Ne5 Be4
47. Nd7 Qf5 48. Rg4 Qf7 49. Qd4 Bf5 50. Ne5 Qc7 51. Rg3 Rd8 52. Qa1 Ra8 53. Rc3
Qe7 54. Qb2 Be4 55. Rc5 Qf6 56. Qd2 Rf8 57. g3 Rd8 58. Qe3 Bd5 59. Rc7 Kg8 60.
Rf7 Qxf7 61. Nxf7 Kxf7 62. Qa7+ Kf6 63. Qd4+ Kf7 64. g4 Rd7 65. Kg3 Rc7 66. f5
Rc4 67. fxe6+ Bxe6 68. Qa7+ Kf6 69. Qxa6 Rxb4 70. Qd6 Rb3+ 71. Kg2 Rb2+ 72. Kg3
Rb3+ 73. Kg2 Rb2+ 74. Kf3 Rb3+ 75. Ke4 Rxh3 76. Qe5+ Kf7 77. Kf4 Rh4 78. Qc7+
Kg6 79. Qc2+ Kf7 80. Qc7+ Kg6 81. Qc2+ Kf7 82. Qc7+ 1/2-1/2

[Event "Tradewise Gibraltar ChallWk2"]
[Site "Gibraltar"]
[Date "2018.01.29"]
[Round "3.11"]
[White "Lochte, Thomas"]
[Black "Kozarcanin, Sead"]
[Result "1/2-1/2"]
[WhiteElo "2169"]
[BlackElo "2048"]
[PlyCount "65"]
[EventDate "2018.01.27"]
[EventType "swiss"]
[EventRounds "5"]
[EventCountry "GGB"]

1. e4 e5 2. Nf3 Nc6 3. d4 exd4 4. Nxd4 Nf6 5. Nxc6 bxc6 6. e5 Qe7 7. Qe2 Nd5 8.
c4 Nb6 9. Nc3 Bb7 10. Bf4 Qe6 11. Qc2 Nxc4 12. O-O-O Be7 13. Bd3 g6 14. Rhe1
Nb6 15. Ne4 O-O-O 16. Nd6+ Bxd6 17. exd6 Qxa2 18. dxc7 Rde8 19. Be5 Rhg8 20. f4
Qa1+ 21. Kd2 Qa5+ 22. Bc3 Qa4 23. Qxa4 Nxa4 24. Be5 f6 25. Bd6 Nxb2 26. Ra1
Nxd3 27. Kxd3 Rxe1 28. Rxe1 a5 29. Kd4 a4 30. Kc5 Ba6 31. Kb6 Bc4 32. Rc1 Bb5
33. Re1 1/2-1/2

[Event "Tradewise Gibraltar ChallWk2"]
[Site "Gibraltar"]
[Date "2018.01.29"]
[Round "3.12"]
[White "Dasaolu, Rotimi"]
[Black "Madina Yadarola, Martin"]
[Result "0-1"]
[WhiteElo "2064"]
[BlackElo "2167"]
[PlyCount "82"]
[EventDate "2018.01.27"]
[EventType "swiss"]
[EventRounds "5"]
[EventCountry "GGB"]

1. e4 c5 2. Nf3 d6 3. Bb5+ Nd7 4. c3 Ngf6 5. d3 a6 6. Ba4 b5 7. Bc2 g6 8. O-O
Bg7 9. Qe2 Qc7 10. h3 e5 11. a4 Rb8 12. axb5 axb5 13. Bg5 h6 14. Be3 O-O 15.
Na3 Re8 16. b4 Nf8 17. Bb3 Bd7 18. Qd2 c4 19. Bc2 cxd3 20. Bxd3 d5 21. exd5 e4
22. Nxb5 Rxb5 23. c4 Rb7 24. Rac1 exf3 25. gxf3 Bxh3 26. Rfd1 Qd7 27. b5 Bf5
28. Bf1 g5 29. b6 Ng6 30. c5 Ne5 31. Be2 Bd3 32. f4 Bxe2 33. Qxe2 gxf4 34. Bxf4
Ng6 35. Be3 Nh4 36. Kh2 Qf5 37. d6 Nf3+ 38. Qxf3 Qxf3 39. Rg1 Rxe3 40. fxe3
Ng4+ 41. Rxg4 Qxg4 0-1

[Event "Tradewise Gibraltar ChallWk2"]
[Site "Gibraltar"]
[Date "2018.01.29"]
[Round "3.13"]
[White "Gonzalez Gonzalez, Alfonso"]
[Black "Garcia Lopez, Juan Antonio"]
[Result "1/2-1/2"]
[WhiteElo "2192"]
[BlackElo "1959"]
[PlyCount "141"]
[EventDate "2018.01.27"]
[EventType "swiss"]
[EventRounds "5"]
[EventCountry "GGB"]

1. d4 d5 2. Bg5 g6 3. h4 Bg7 4. e3 Nf6 5. Nd2 Nbd7 6. Ngf3 Nf8 7. Bd3 Bf5 8.
Bxf5 gxf5 9. h5 h6 10. Bf4 Ne4 11. Nh4 e6 12. f3 Nd6 13. Qe2 Bf6 14. g3 Bg5 15.
O-O-O Rg8 16. Kb1 Qe7 17. c4 dxc4 18. Nxc4 Nxc4 19. Qxc4 O-O-O 20. Rd3 Bxf4 21.
gxf4 Nd7 22. Qc2 Nb6 23. e4 fxe4 24. fxe4 Rg4 25. Ng2 Rdg8 26. Rd2 Nc4 27. Qxc4
Rxg2 28. Rxg2 Rxg2 29. Rc1 Qd6 30. Qa4 c6 31. e5 Qd5 32. Qxa7 Qe4+ 33. Ka1 Qxf4
34. Qa8+ Kc7 35. Qa5+ Kc8 36. Qc5 Rd2 37. Qf8+ Kc7 38. Qe7+ Kc8 39. Rg1 Rg2 40.
Qf8+ Kc7 41. Qd6+ Kc8 42. Rb1 Rg8 43. Qc5 Rd8 44. a3 Qxd4 45. Qe7 Qxe5 46. Qxf7
Qf5 47. Qe7 Rd7 48. Qe8+ Kc7 49. Re1 Qc2 50. Qg6 Qxg6 51. hxg6 Rg7 52. Rxe6 Kd7
53. Re4 Rxg6 54. a4 h5 55. Rb4 Kc7 56. Rf4 Rh6 57. Rh4 Kd6 58. Ka2 Ke5 59. Kb3
Kf5 60. Kc4 Kg5 61. Rh1 h4 62. Kc5 h3 63. Kb6 Rh7 64. b4 h2 65. a5 Kg4 66. Rxh2
Rxh2 67. Kxb7 Rb2 68. Kxc6 Rxb4 69. a6 Ra4 70. Kb7 Rxa6 71. Kxa6 1/2-1/2

[Event "Tradewise Gibraltar ChallWk2"]
[Site "Gibraltar"]
[Date "2018.01.29"]
[Round "3.14"]
[White "Maisuradze, Nino"]
[Black "Ungureanu, Sandu"]
[Result "1-0"]
[WhiteElo "2234"]
[BlackElo "2033"]
[PlyCount "141"]
[EventDate "2018.01.27"]
[EventType "swiss"]
[EventRounds "5"]
[EventCountry "GGB"]

1. d4 d5 2. Nf3 Nf6 3. c4 c6 4. Qc2 g6 5. Nc3 Bg7 6. Bg5 dxc4 7. a4 Bg4 8. e3
Bxf3 9. gxf3 Qa5 10. f4 b5 11. Bxf6 Bxf6 12. Bg2 b4 13. Ne4 b3+ 14. Qd2 Qxd2+
15. Kxd2 Kd7 16. Nxf6+ exf6 17. Rhc1 a5 18. Rxc4 Ra6 19. Rac1 Kd6 20. e4 Rd8
21. Ke3 Ke7 22. e5 fxe5 23. fxe5 f6 24. f4 fxe5 25. fxe5 Kd7 26. Rc5 Re8 27.
R1c3 Kc7 28. Rxb3 Nd7 29. Rc2 Rb8 30. Rxb8 Nxb8 31. d5 Rb6 32. dxc6 Na6 33. e6
Kd6 34. e7 Rb8 35. Bf1 Nb4 36. Rd2+ Kxe7 37. Rd7+ Kf6 38. c7 Rc8 39. Bg2 Ke6
40. Rxh7 Kd6 41. h4 Na6 42. Rg7 Nxc7 43. Rxg6+ Kc5 44. Rc6+ Kb4 45. Be4 Kxa4
46. h5 Rh8 47. Rxc7 Rxh5 48. Bc2+ Kb4 49. Rb7+ Kc5 50. Bd3 Rh2 51. Rb5+ Kc6 52.
Rb8 Kc5 53. Be2 Kc6 54. Kd2 Rg2 55. Ra8 Rg5 56. Kc3 Kb6 57. Bd3 Rc5+ 58. Kb3
Rg5 59. Ra6+ Kb7 60. Rf6 Rg3 61. Kc4 Rg4+ 62. Kc3 Rb4 63. Re6 Rh4 64. Re5 Ra4
65. Kb3 Ra1 66. Rb5+ Kc6 67. Rf5 a4+ 68. Kb4 Ra2 69. Rf2 Kd6 70. Bc4 Ra1 71.
Rf1 1-0

[Event "Tradewise Gibraltar ChallWk2"]
[Site "Gibraltar"]
[Date "2018.01.29"]
[Round "3.15"]
[White "Diaz Mino, Pablo"]
[Black "Jordan Martinez, Miguel"]
[Result "1/2-1/2"]
[WhiteElo "2050"]
[BlackElo "2201"]
[PlyCount "128"]
[EventDate "2018.01.27"]
[EventType "swiss"]
[EventRounds "5"]
[EventCountry "GGB"]

1. d4 g6 2. c4 Bg7 3. Nc3 d6 4. e4 Nc6 5. Nge2 e5 6. d5 Nd4 7. Be3 Bg4 8. f3
Nxe2 9. Bxe2 Bd7 10. c5 dxc5 11. Bxc5 b6 12. Be3 f5 13. Bb5 Nf6 14. Qa4 O-O 15.
Bxd7 Nxd7 16. O-O Nf6 17. Qc4 Rf7 18. Rac1 Ne8 19. Qc6 a6 20. Bg5 Bf6 21. Bxf6
Rxf6 22. Qc4 Nd6 23. Qe2 Qe7 24. Rce1 Nf7 25. Rc1 b5 26. d6 Rxd6 27. Nd5 Qd8
28. Nxc7 Rc8 29. Nd5 Rxc1 30. Rxc1 Ng5 31. Rc8 Rxd5 32. Rxd8+ Rxd8 33. exf5 Nf7
34. fxg6 hxg6 35. a4 Rb8 36. Qc2 Kg7 37. Qc7 Rd8 38. axb5 axb5 39. Qb7 Rd1+ 40.
Kf2 Rd2+ 41. Ke3 Rxb2 42. g4 g5 43. h3 Rb3+ 44. Kf2 b4 45. Qe7 Rb2+ 46. Ke3 b3
47. Ke4 Rf2 48. Qb7 b2 49. Qb6 Nd6+ 50. Kd5 Rd2+ 51. Ke6 Nf7 52. Kf5 Rf2 53.
Qb7 Rxf3+ 54. Ke6 Rf2 55. Kd5 Rd2+ 56. Ke6 Rf2 57. Kd5 Kf6 58. Qb6+ Ke7 59.
Qb7+ Kf8 60. Qb8+ Kg7 61. Qb7 Rd2+ 62. Ke6 Rd6+ 63. Kf5 Rf6+ 64. Ke4 Rf2
1/2-1/2

[Event "Tradewise Gibraltar ChallWk2"]
[Site "Gibraltar"]
[Date "2018.01.29"]
[Round "3.16"]
[White "Gagare, Shalmali"]
[Black "Bendayan Claros, Aaron"]
[Result "0-1"]
[WhiteElo "2001"]
[BlackElo "2191"]
[PlyCount "80"]
[EventDate "2018.01.27"]
[EventType "swiss"]
[EventRounds "5"]
[EventCountry "GGB"]

1. d4 Nf6 2. c4 e6 3. Nf3 d5 4. Nc3 Bb4 5. cxd5 exd5 6. Bg5 Nbd7 7. e3 c5 8.
dxc5 Qa5 9. Nd2 O-O 10. Be2 Bxc3 11. bxc3 Qxc5 12. Rc1 h6 13. Bf4 Nb6 14. O-O
Be6 15. Be5 Nfd7 16. Bd4 Qa5 17. Qc2 Rac8 18. Bd3 Rfe8 19. f4 f6 20. Rf3 Nf8
21. Rg3 Nbd7 22. Nf3 b5 23. Nh4 b4 24. Qe2 Re7 25. Qh5 Kh8 26. Ng6+ Nxg6 27.
Qxg6 Bg8 28. Bf5 Rc6 29. Rh3 Qd8 30. Rc2 bxc3 31. Rxc3 Qa5 32. e4 Qb4 33. Rxh6+
gxh6 34. Qxh6+ Rh7 35. Bxh7 Bxh7 36. Bxf6+ Nxf6 37. Rf3 Qd4+ 38. Kf1 Rc1+ 39.
Ke2 Rc2+ 40. Ke1 Qa1# 0-1

[Event "Tradewise Gibraltar ChallWk2"]
[Site "Gibraltar"]
[Date "2018.01.29"]
[Round "3.17"]
[White "Dolzhikova, Olga"]
[Black "Bryant, Richard B E"]
[Result "1-0"]
[WhiteElo "2187"]
[BlackElo "2016"]
[PlyCount "99"]
[EventDate "2018.01.27"]
[EventType "swiss"]
[EventRounds "5"]
[EventCountry "GGB"]

1. e4 e6 2. d3 d5 3. Nd2 c5 4. g3 Nc6 5. Bg2 Be7 6. Ngf3 Nf6 7. O-O O-O 8. Re1
d4 9. a4 e5 10. Nc4 Nd7 11. Bd2 b6 12. h3 a6 13. Nh2 Ra7 14. Bc1 b5 15. axb5
axb5 16. Rxa7 Nxa7 17. Nd2 Nc6 18. f4 Nb6 19. Ndf3 exf4 20. gxf4 c4 21. Kh1 Na4
22. dxc4 Bb4 23. Rf1 Ba6 24. e5 Qb6 25. Ng5 Ne7 26. f5 g6 27. Ne4 Rd8 28. Nf6+
Kh8 29. Nd5 Nxd5 30. cxd5 Bb7 31. Bg5 Rxd5 32. Bxd5 Bxd5+ 33. Nf3 Nxb2 34. Qc1
Qc6 35. Qxb2 Qc3 36. Qxc3 Bxc3 37. Kh2 b4 38. fxg6 hxg6 39. Kg3 Kg8 40. Rd1 b3
41. cxb3 Bxb3 42. Rb1 Be6 43. Rb8+ Kh7 44. Bf6 g5 45. Nxg5+ Kg6 46. Nxe6 fxe6
47. Kg4 d3 48. Rd8 d2 49. Rd7 Bb4 50. h4 1-0

[Event "Tradewise Gibraltar ChallWk2"]
[Site "Gibraltar"]
[Date "2018.01.29"]
[Round "3.18"]
[White "Makka, Ioulia"]
[Black "Cramling Bellon, Anna"]
[Result "1/2-1/2"]
[WhiteElo "2167"]
[BlackElo "1978"]
[PlyCount "54"]
[EventDate "2018.01.27"]
[EventType "swiss"]
[EventRounds "5"]
[EventCountry "GGB"]

1. e4 c5 2. Nf3 d6 3. d4 cxd4 4. Nxd4 Nf6 5. Nc3 a6 6. Be2 e5 7. Nb3 Be7 8. Bg5
Be6 9. Bxf6 Bxf6 10. Qd3 Be7 11. Rd1 Nd7 12. Nd5 Bxd5 13. Qxd5 Qc7 14. c3 O-O
15. O-O b5 16. Nd2 Rad8 17. Bf3 Kh8 18. Rfe1 Nb6 19. Qb3 d5 20. Nf1 f5 21. exd5
e4 22. Be2 Qc5 23. Ng3 Bh4 24. Qb4 Qxb4 25. cxb4 Nxd5 26. a3 g6 27. Bf1 Bf6
1/2-1/2

[Event "Tradewise Gibraltar ChallWk2"]
[Site "Gibraltar"]
[Date "2018.01.29"]
[Round "3.19"]
[White "Muskat, Gunter"]
[Black "Tuerk, Philipp"]
[Result "1/2-1/2"]
[WhiteElo "2013"]
[BlackElo "2150"]
[PlyCount "28"]
[EventDate "2018.01.27"]
[EventType "swiss"]
[EventRounds "5"]
[EventCountry "GGB"]

1. c4 e5 2. g3 Nc6 3. Bg2 f5 4. Nc3 Nf6 5. d3 Bb4 6. e3 O-O 7. Nge2 d6 8. O-O
Be6 9. Nd5 Bxd5 10. cxd5 Ne7 11. a3 Ba5 12. b4 Bb6 13. Nc3 Qe8 14. Bb2 Qd8
1/2-1/2

[Event "Tradewise Gibraltar ChallWk2"]
[Site "Gibraltar"]
[Date "2018.01.29"]
[Round "3.20"]
[White "Vanheirzeele, Daniel"]
[Black "Yu, Henry"]
[Result "1-0"]
[WhiteElo "2147"]
[BlackElo "1947"]
[PlyCount "79"]
[EventDate "2018.01.27"]
[EventType "swiss"]
[EventRounds "5"]
[EventCountry "GGB"]

1. d4 Nf6 2. Nf3 e6 3. g3 c5 4. Bg2 Nc6 5. c4 cxd4 6. Nxd4 Qb6 7. Nb5 Ne5 8.
Qa4 Bc5 9. O-O Nfg4 10. e3 Nd3 11. Bd2 a5 12. Qb3 Ngxf2 13. Rxf2 Bxe3 14. Qxd3
Bxf2+ 15. Kh1 O-O 16. N1c3 d5 17. cxd5 Bd7 18. a4 Rfd8 19. Rf1 Bxb5 20. axb5
exd5 21. Qf5 Bd4 22. Qxf7+ Kh8 23. Nxd5 Qc5 24. Rc1 Qf8 25. Qxf8+ Rxf8 26. Nc7
Rac8 27. Bxb7 Rb8 28. Bc6 Bxb2 29. Rb1 Be5 30. Bxa5 Rf2 31. Ne6 h5 32. Re1 Bd6
33. Bc3 h4 34. Nxg7 Kh7 35. Ne8 Bc5 36. Nf6+ Kg6 37. Nd7 hxg3 38. Nxc5 Rxh2+
39. Kg1 Rc2 40. Be4+ 1-0

[Event "Tradewise Gibraltar ChallWk2"]
[Site "Gibraltar"]
[Date "2018.01.29"]
[Round "3.21"]
[White "Adewole, Adeyinka"]
[Black "Ranaivoharisoa, Alain"]
[Result "0-1"]
[WhiteElo "2001"]
[BlackElo "2142"]
[PlyCount "48"]
[EventDate "2018.01.27"]
[EventType "swiss"]
[EventRounds "5"]
[EventCountry "GGB"]

1. Nf3 Nf6 2. g3 g6 3. Bg2 Bg7 4. c4 O-O 5. Nc3 d6 6. O-O e5 7. d3 Nc6 8. h3 h6
9. a3 a5 10. Rb1 Be6 11. b4 axb4 12. axb4 Nd7 13. b5 Ne7 14. Nh2 Qc8 15. Bd2
Nc5 16. h4 Bh3 17. Qc2 Bxg2 18. Kxg2 f5 19. e3 f4 20. gxf4 exf4 21. d4 f3+ 22.
Kh1 Qh3 23. Rg1 Rf5 24. dxc5 Be5 0-1

[Event "Tradewise Gibraltar ChallWk2"]
[Site "Gibraltar"]
[Date "2018.01.29"]
[Round "3.22"]
[White "Herzwurm, Robert"]
[Black "O'Neil, Jim"]
[Result "1-0"]
[WhiteElo "2123"]
[BlackElo "1904"]
[PlyCount "53"]
[EventDate "2018.01.27"]
[EventType "swiss"]
[EventRounds "5"]
[EventCountry "GGB"]

1. e4 c5 2. Nc3 a6 3. f4 Nc6 4. Nf3 g6 5. d3 Bg7 6. g3 b5 7. Bg2 Bb7 8. O-O e6
9. Qe1 Nge7 10. Be3 d6 11. Qf2 O-O 12. g4 f5 13. gxf5 exf5 14. Rae1 Qd7 15. e5
dxe5 16. Bxc5 e4 17. dxe4 fxe4 18. Rxe4 Nf5 19. Rd1 Qc7 20. Ng5 Ncd4 21. Bxd4
Bxe4 22. Bxg7 Nxg7 23. Bxe4 Qxf4 24. Qxf4 Rxf4 25. Bd5+ Kf8 26. Nxh7+ Ke7 27.
Bxa8 1-0

[Event "Tradewise Gibraltar ChallWk2"]
[Site "Gibraltar"]
[Date "2018.01.29"]
[Round "3.23"]
[White "Pabalan, Rocky"]
[Black "Valentine, Brian J"]
[Result "0-1"]
[WhiteElo "2098"]
[BlackElo "1920"]
[PlyCount "92"]
[EventDate "2018.01.27"]
[EventType "swiss"]
[EventRounds "5"]
[EventCountry "GGB"]

1. e4 e5 2. Bc4 Nf6 3. d3 c6 4. Bg5 Be7 5. Bxf6 Bxf6 6. Nc3 O-O 7. Qf3 a5 8. a3
d6 9. Nge2 Nd7 10. O-O Nc5 11. Rad1 b5 12. Ba2 b4 13. Nb1 Ne6 14. c3 Qb6 15.
Nd2 Rb8 16. axb4 axb4 17. Nc4 Qc7 18. Ne3 Ba6 19. Ng4 Be7 20. Ra1 Bc8 21. Bc4
Kh8 22. Ng3 Nf4 23. Ne3 g6 24. Ne2 Nxe2+ 25. Qxe2 Bf6 26. Ra4 bxc3 27. bxc3 Bg7
28. Qa2 f5 29. Be6 Bxe6 30. Qxe6 Rbe8 31. Qc4 f4 32. Nd5 Qd7 33. Nb6 Qc7 34.
Rb1 f3 35. Nd5 Qd7 36. Ne3 fxg2 37. Rab4 Bh6 38. Rb7 Qh3 39. Re1 Qf3 40. Nd1
Bd2 41. Qa2 Bxe1 42. Qa7 Qh5 43. Qe3 Bxf2+ 44. Nxf2 Rf3 45. Qa7 Ref8 46. Rb2
Qg5 0-1

[Event "Tradewise Gibraltar ChallWk2"]
[Site "Gibraltar"]
[Date "2018.01.29"]
[Round "3.24"]
[White "Rueda-Kjeldsen, Juan Carlos"]
[Black "Jordan Martinez, David"]
[Result "0-1"]
[WhiteElo "1988"]
[BlackElo "2095"]
[PlyCount "65"]
[EventDate "2018.01.27"]
[EventType "swiss"]
[EventRounds "5"]
[EventCountry "GGB"]

1. Nf3 g6 2. c4 Bg7 3. d4 d6 4. Nc3 Nf6 5. Bf4 O-O 6. Qd2 Nbd7 7. Bh6 e5 8.
Bxg7 Kxg7 9. O-O-O Qe7 10. h4 h5 11. e3 c6 12. Be2 Ng4 13. Rdf1 Ndf6 14. Ng5
Re8 15. d5 e4 16. Bxg4 Bxg4 17. f3 exf3 18. gxf3 Bd7 19. e4 cxd5 20. cxd5 b5
21. Rfg1 b4 22. Ne2 Rac8+ 23. Kb1 Rc4 24. b3 Rc5 25. Nf4 Qe5 26. Nd3 Qd4 27.
Rd1 Rc3 28. Nf4 Qxd2 29. Rxd2 Rec8 30. Nd3 a5 31. Rc1 Bb5 32. Rxc3 bxc3 33. Nf4
0-1

[Event "Tradewise Gibraltar ChallWk2"]
[Site "Gibraltar"]
[Date "2018.01.29"]
[Round "3.25"]
[White "Sanchez Carrasco, Fco. Javier"]
[Black "Mayank, Pal"]
[Result "1/2-1/2"]
[WhiteElo "2068"]
[BlackElo "1834"]
[PlyCount "70"]
[EventDate "2018.01.27"]
[EventType "swiss"]
[EventRounds "5"]
[EventCountry "GGB"]

1. c4 e5 2. Nc3 Bb4 3. Nd5 Bc5 4. e3 c6 5. Nc3 Nf6 6. d4 exd4 7. exd4 Bb4 8.
Bd3 d5 9. Nge2 O-O 10. O-O Bg4 11. f3 Bh5 12. Bg5 dxc4 13. Bxc4 b5 14. Bb3 h6
15. Bh4 Bg6 16. Kh1 Be7 17. Bf2 b4 18. Na4 Nbd7 19. Rc1 Rc8 20. Nf4 Bh7 21. Re1
Kh8 22. Nd3 Bxd3 23. Qxd3 Bd6 24. Qf5 g6 25. Qh3 Kg7 26. Nc5 Re8 27. Be3 Rxe3
28. Rxe3 Bf4 29. Ree1 Bxc1 30. Rxc1 Nxc5 31. dxc5 Rc7 32. Qg3 Rd7 33. Re1 Re7
34. Rd1 Rd7 35. Re1 Re7 1/2-1/2